| 000 | 00492nam a22001697a 4500 | ||
|---|---|---|---|
| 005 | 20250709155109.0 | ||
| 008 | 250709b |||||||| |||| 00| 0 eng d | ||
| 020 | _a978-0-230-28535-4 | ||
| 050 | _aHD 31 .P48 2012 | ||
| 100 | _aPETTINGER, RICHARD | ||
| 245 | _aMANAGEMENT: A CONCISE INTRODUCTION | ||
| 260 |
_aNEW YORK _bPALGRAVE MACMILLAN _c2012 |
||
| 300 | _aXVI, 448P.: ILL | ||
| 500 | _aINCLUDES BIBLIOGRAPHICAL REFERENCES AND INDEX | ||
| 650 | _aMANAGEMENT | ||
| 942 |
_2lcc _cBK |
||
| 999 |
_c215871 _d215871 |
||